PROBLEMATIKA VÝROBY A SPOTREBY KONZUMNÉHO MLIEKA

Bibliographic Details
Main Author: Görner, Fridrich, 1921-2006 (Author)
Format: Article
Language:Slovak

MARC

LEADER 00000nab a2200000 a 4500
001 vtls010717701
003 SK-MaSNL
005 20260304185644.0
008 250709s1999 xo |||||||||||||||||slo|
035 |a (urnnbn)urn:nbn:sk:snk:ar-a04og1 
035 |a (uuid)e6516f82-9af0-4451-9d98-1d844bb43893 
035 |a urn:nbn:sk:snk-ab3jep 
040 |a SNKBUCL  |b slo  |c SNKBUCL  |e AACR2 
041 0 |a slo 
044 |a xo  |c SK 
100 1 |a Görner, Fridrich,  |d 1921-2006  |4 aut  |9 37281 
245 1 0 |a PROBLEMATIKA VÝROBY A SPOTREBY KONZUMNÉHO MLIEKA  |c F. Görner 
773 0 |t Mliekarstvo : bulletin pre internú potrebu výrobcov a spracovateľov mlieka  |g Roč. 30, č. 3 (1999), s. 16-18 
850 |a Slovenská národná knižnica 
852 |a Slovenská národná knižnica 
954 |a odborná, vedecká literatúra pôvodná (slovenská)  |2 lita 
958 |a article1 
958 |a OND 
958 |a EUIPO 
999 |c 3045142  |d 3047072